00677nam a22001575i 4500001000700000003000900007005001700016008004100033040002000074100003000094245014900124260006700273300002100340600002400361852013400385164767ES-MaACL20230906213011.0010712s1876 sp ||||1| spa d aCYL bspa cCYL1 aSantucho, José María.10aApuntes biográficos acerca del Sr. Leon Anel y Sin ... fallecido en Madrid en 17 de enero de 1876 / cescritos por el Sr. Jose Maria Santucho. aMadrid : b[s.n.], c1876 (fImprenta de A. Gomez Fuentenebro) a11 p. ; c27 cm.1 aAnel y Sin, León. aES-MaACLjT-204-F-17 z-- Enc. hol., falto de la cub. original z-- Enc. en un vol. facticio z.- Dedicatoria autógr. del autor